000 00736nam a2200241 i 4500
001 C2-0302274
003 PPAK
005 20180728083339.0
008 100120s2007 maua|||| ||||| | eng d
020 _a0674021533
040 _aPPAK
_beng
_cPPAK
_erda
082 0 4 _a959.053
_223
090 0 0 _a959.053
_bBAY
_dLCK
100 1 _aBayly, C.A.,
_eauthor
245 1 0 _aForgetton wars:
_bfreedom and revolution in Southeast Asia
264 1 _aCambridge, Massachusetts :
_bThe Belknap Press of Havard University ,
_c2007
300 _axxx, 673 pages :
_billustrations ;
_c24 cm
336 _2rdacontent
_atext
337 _2rdamedia
_aunmediated
338 _2rdacarrier
_avolume
650 1 0 _aSoutheast Asia-History
942 _ddc
_cB
999 _c105944
_d105944